Sus bodas de oro 1888 - 1938
Saved in:
| Institution som forfatter: | |
|---|---|
| Format: | Bog |
| Sprog: | spansk |
| Udgivet: |
Santiago
Pontificia Universidad Católica de Chile
1938
|
| Fag: | |
| Tags: |
Tilføj Tag
Ingen Tags, Vær først til at tagge denne postø!
|
MARC
| LEADER | 00000nam a2200000 a 4500 | ||
|---|---|---|---|
| 001 | UCU0896 | ||
| 003 | CL-VaPUC | ||
| 008 | 960329e19380000CL |||||||||||||||||spa|d | ||
| 082 | 0 | 4 | |a 378.009 |b PON |2 21 |
| 110 | 2 | |a Pontificia Universidad Católica de Chile |e author |9 356373 | |
| 245 | 1 | 0 | |a Sus bodas de oro 1888 - 1938 |
| 300 | |a 282 p | ||
| 942 | |c BK | ||
| 945 | |d 19960329 00:00:00 |a cmena | ||
| 260 | |a Santiago |b Pontificia Universidad Católica de Chile |c 1938 | ||
| 600 | 0 | 7 | |a PONTIFICIA UNIVERSIDAD CATOLICA DE CHILE |2 CL-VaPUC |9 314003 |
| 650 | 0 | |a Universidades |9 256317 | |
| 650 | 0 | |a Educación superior |9 223851 | |
| 650 | 0 | |a Historia |9 255047 | |
| 583 | |a last modification |c 19960329 00:00:00 |k Rodrigo Vera | ||
| 999 | |c 245674 |d 245672 | ||
| 952 | |0 0 |1 0 |4 0 |6 378_009000000000000_PON_1938 |7 0 |8 P |9 260260 |a BIBEDU |b BIBEDU |c BIBEDU_PB |d 2019-11-19 |i 1635492 |o 378.009 PON 1938 |p 1635492 |r 2024-01-25 |w 2019-11-19 |y BK |k EDU | ||